التسمم الغذائي البكتيري والفطري / (رقم التسجيلة. 87382)
[ عرض عادي ]
| 000 -LEADER | |
|---|---|
| fixed length control field | 00721nam a22002057a 4500 |
| 005 - DATE AND TIME OF LATEST TRANSACTION | |
| control field | 20251108172737.0 |
| 008 - FIXED-LENGTH DATA ELEMENTS--GENERAL INFORMATION | |
| fixed length control field | 250721s2001 xx 000 0 ara d |
| 082 14 - DEWEY DECIMAL CLASSIFICATION NUMBER | |
| Classification number | 615.954/بنا |
| 100 1# - MAIN ENTRY--PERSONAL NAME | |
| Personal name | البنا، عمرو عبد الرحمن |
| 245 10 - TITLE STATEMENT | |
| Title | التسمم الغذائي البكتيري والفطري / |
| 246 11 - VARYING FORM OF TITLE | |
| Title proper/short title | Bacterial And fungal food poisoning |
| 264 1# - PRODUCTION, PUBLICATION, DISTRIBUTION, MANUFACTURE, AND COPYRIGHT NOTICE | |
| Place of production, publication, distribution, manufacture | الإسكندرية : |
| Name of producer, publisher, distributor, manufacturer | مكتبة المعارف الحديثة، |
| Date of production, publication, distribution, manufacture, or copyright notice | 2001. |
| 300 ## - PHYSICAL DESCRIPTION | |
| Extent | 111ص |
| 490 0# - SERIES STATEMENT | |
| Series statement | سلسلة علوم وتقنية (تكنولوجبا) الأغذية |
| 650 17 - SUBJECT ADDED ENTRY--TOPICAL TERM | |
| Topical term or geographic name as entry element | التسميم |
| 650 17 - SUBJECT ADDED ENTRY--TOPICAL TERM | |
| Topical term or geographic name as entry element | التسمم الغذائي |
| 650 17 - SUBJECT ADDED ENTRY--TOPICAL TERM | |
| Topical term or geographic name as entry element | السموم الفطرية |
| 942 ## - ADDED ENTRY ELEMENTS (KOHA) | |
| Source of classification or shelving scheme | Dewey Decimal Classification |
| Koha item type | كتب |
| حالة السحب | حالة الفقدان | مصدر التصنيف | حالة التلف | غير قابل للإعارة | المكتبة الرئيسية | المكتبة الحالية | موقع الرف | تاريخ التزويد | الرقم المتسلسل | Total Checkouts | رقم الإستدعاء | الباركود | تاريخ آخر ظهور | تاريخ الفاتورة | نوع المادة (كوها) |
|---|---|---|---|---|---|---|---|---|---|---|---|---|---|---|---|
| Dewey Decimal Classification | المكتبة المركزية | المكتبة المركزية | الإعارة | 28/07/2025 | 619134 | 615.954/بنا | 619134 | 28/07/2025 | 28/07/2025 | كتب |